|
|
|
|
| LEADER |
00000nam a2200000 a 4500 |
| 001 |
vtls010641937 |
| 003 |
SK-MaSNL |
| 005 |
20260301220539.0 |
| 008 |
250312s1969 xr bo c 000 0 cze |
| 015 |
|
|
|a SNBA1969
|
| 035 |
|
|
|a CE334FFD-16AD-4149-9B4E-E7F7D8AFB436
|
| 035 |
|
|
|a urn:nbn:sk:snk-amjzoq
|
| 035 |
|
|
|a urn:nbn:sk:snk-am007ygv
|
| 040 |
|
|
|a SNK
|b slo
|c SNK
|e AACR2
|
| 041 |
0 |
|
|a cze
|
| 044 |
|
|
|a xr
|c CZ
|
| 080 |
|
|
|a 912(075.2)
|2 1981
|
| 100 |
1 |
|
|a Hajčíková, Marta,
|d 1934-
|4 aut
|9 211603
|
| 245 |
1 |
0 |
|a Malý školní zeměpisný atlas
|b učební pomůcka pro žáky 5. ročníku základních devítiletých škol
|
| 250 |
|
|
|a 6. čes. vyd.
|
| 260 |
|
|
|a Praha
|b Kartografické nakladatelství
|c 1969
|
| 300 |
|
|
|a 16 s.
|b fotogr., mp.
|c 4°
|
| 366 |
|
|
|e 40000 výt.
|
| 500 |
|
|
|a Zprac. Kartografia, Bratislava
|
| 650 |
0 |
7 |
|a geografia
|2 SNKPH
|9 823
|
| 655 |
|
7 |
|a školské atlasy
|2 SNKPH
|9 73240
|
| 655 |
|
7 |
|a učebnice základných škôl
|2 SNKPH
|9 70187
|
| 852 |
|
|
|a Slovenská národná knižnica
|
| 958 |
|
|
|a OND
|
| 999 |
|
|
|c 932213
|d 934143
|
| 952 |
|
|
|a SNK
|b SNK
|y PREZ
|7 0
|p 17A0840652
|o snkSB 15317
|i snkKSP 5979/69
|0 0
|1 0
|4 0
|d 2014-12-09
|f 1
|l 0
|r 2025-03-14 00:00:00
|w 2026-02-24
|
| 952 |
|
|
|a SNK
|b SNK
|y VYP
|7 0
|o snkSB 15317 D1
|i snkKSP 5980/69
|0 0
|1 0
|4 0
|d 2014-12-09
|l 0
|r 2026-02-24 08:52:43
|w 2026-02-24
|